000 00686nam a2200205Ia 4500
008 200831s9999||||xx |||||||||||||| ||und||
020 _a0880700645
020 _a9780880700641
041 _aeng
050 _aBV4509.5
_b.E392 1984
100 _aEdwards, Jonathan
245 0 _aReligious affections :
_bhow man's will affects his character before God /
_cJonathan Edwards, J. M Houston
260 _aPortland, Or. :
_bMultnomah Press,
_c1984
300 _axxxiv, 226 p.
_b;
_c22 cm.
650 _aEmotions Religious aspects Christianity Early works to 1800.
650 _aEmotions Religious aspects Christianity.
650 _aFeeling.
700 _aHouston, J. M.
999 _c26417
_d26417